000 00767nam a22002651i 4500
005 20210113162422.0
008 210113t2011 mau |||g ||| 001 0 eng d
020 _a9781422158005
_qpaperback
040 _aPPAK
_beng
_cPPAK
_erda
082 0 4 _223
_a658.406
090 0 0 _a658.406
_bONC
_dG
245 0 0 _aOn Change Management
246 3 8 _aChange Management
264 1 _aBoston, Massachusetts :
_bHARVARD BUSINESS REVIEW PRESS ,
_c2011.
300 _av, 210 pages ;
_c21 cm.
336 _2rdacontent
_atext
337 _2rdamedia
_aunmediated
338 _2rdacarrier
_avolume
490 1 _aHBR's 10 MUST READS
500 _6Includes index.
650 1 0 _aOrganizational change.
650 2 0 _aleadership.
830 0 _aHBR's 10 must reads
942 _2ddc
_cB
999 _c181110
_d181110